Capcom Franchises By Sales - Statistics

General Stats
  • This quiz has been taken 52 times
  • The average score is 7 of 17
Answer Stats
Units Sold Series % Correct
174,000,000 Resident Evil
88%
57,000,000 Street Fighter
84%
43,000,000 Mega Man
77%
36,000,000 Devil May Cry
72%
12,000,000 Marvel Vs. Capcom
51%
122,000,000 Monster Hunter
51%
13,000,000 Ace Attorney
47%
4,500,000 Dino Crisis
37%
18,000,000 Dead Rising
35%
13,000,000 Dragon's Dogma
23%
8,900,000 Onimusha
23%
3,200,000 Final Fight
21%
3,300,000 Breath of Fire
19%
4,700,000 Ghosts'n Goblins
19%
4,700,000 Okami
19%
6,900,000 Lost Planet
16%
4,100,000 Sengoku Basara
5%
No matching quizzes found
Score Distribution
Percent of People with Each Score
Percentile by Number Answered
Your Score History
You have not taken this quiz